000
00304nam a2200133Ia 4500
008
220204s9999 xx 000 0 und d
082
_a
336.21
_b
VAI
100
_a
PANANDIKER, S
245
0
_a
Direct taxes
260
_a
Delhi
_b
Vikas
_c
1978
650
_a
Tax reform
700
_a
VAISH, O P
942
_c
BK
999
_c
29502
_d
29502